Риск как философская категория; Трансформация научных парадигм и коммуникативные практики в информационном социуме

Dades bibliogràfiques
Parent link:Трансформация научных парадигм и коммуникативные практики в информационном социуме.— 2009.— С. 130-132
Autor principal: Истомина А. С.
Idioma:rus
Publicat: 2009
Matèries:
Format: MixedMaterials Capítol de llibre
KOHA link:https://koha.lib.tpu.ru/cgi-bin/koha/opac-detail.pl?biblionumber=208129

MARC

LEADER 00000naa2a2200000 4500
001 208129
005 20231031191359.0
035 |a (RuTPU)RU\TPU\book\227179 
090 |a 208129 
100 |a 20120131d2009 k y0rusy50 ca 
101 0 |a rus 
102 |a RU 
200 1 |a Риск как философская категория  |f А. С. Истомина 
320 |a Библиогр.: 5 назв. 
463 0 |0 (RuTPU)RU\TPU\book\208739  |t Трансформация научных парадигм и коммуникативные практики в информационном социуме  |o сборник научных трудов, Томск, 20-21 октября 2009 г.  |f Томский политехнический университет (ТПУ) ; под ред. В. Г. Рубанова  |v С. 130-132  |d 2009  |p 363 с. 
610 1 |a риск 
610 1 |a философия 
610 1 |a философские категории 
610 1 |a рисковые ситуации 
610 1 |a труды учёных ТПУ 
700 1 |a Истомина  |b А. С. 
801 1 |a RU  |b 63413507  |c 20120131 
801 2 |a RU  |b 63413507  |c 20120523  |g RCR 
942 |c BK